They tamed the sky ; the triumph of American aviation /

Bibliographic Details
Main Author: Ingells, Douglas J., 1918-
Format: Book
Language:English
Published: New York : D. Appleton-Century Co., [1947]
Subjects:

MARC

Tag First Indicator Second Indicator Subfields
LEADER 00000cam a2200000 4500
001 in00000054813
005 20151008052117.0
008 730305s1947 nyu 00000 eng u
010 |a  47011713  
035 |a (OCoLC)00568770 
035 |9 AAH1727AM 
040 |c WSU  |d TXA  |d UtOrBLW 
049 |a TXAM  |c [454030] 
050 0 |a UG634.5.W7  |b I5 
090 |a UG634.5.W7  |b I5 1947 
092 |a 358.4  |b I46t 
100 1 |a Ingells, Douglas J.,  |d 1918- 
245 1 0 |a They tamed the sky ;  |b the triumph of American aviation /  |c Introd. by Lieutenant General James H. Doolittle. 
264 1 |a New York :  |b D. Appleton-Century Co.,  |c [1947] 
300 |a 268 pages 
336 |a text  |b txt  |2 rdacontent 
337 |a unmediated  |b n  |2 rdamedia 
338 |a volume  |b nc  |2 rdacarrier 
500 |a The Cushing Library/Ragan Military Collection copy is a gift of Ben Allen Jr. '56. 
536 |a Gift of Ben Allen Jr. '56. 
650 0 |a Aeronautics, Military  |z United States. 
650 0 |a World War, 1939-1945  |x Aerial operations, American. 
651 2 0 |a Wright-Patterson Air Force Base (Ohio) 
999 |a MARS 
999 f f |s 1f9eb757-5c6a-339f-867c-26013c82a436  |i cf32907f-c804-3908-9ef4-f2aaf7c9fc2e  |t 0 
952 f f |p noncirc  |a Texas A&M University  |b College Station  |c Cushing Memorial Library & Archives  |d Cushing: Ragan Military (Does not check out)  |t 0  |e UG634.5.W7 I5 1947  |h Library of Congress classification  |i unmediated -- volume 
998 f f |a UG634.5.W7 I5 1947  |t 0  |l Cushing: Ragan Military (Does not check out)